| 000 | 00602nam a2200193Ia 4500 | ||
|---|---|---|---|
| 005 | 20250508160145.0 | ||
| 008 | 008 250505s9999 xx 000 0 eng d | ||
| 037 | _aBooks to be hide in OPAC | ||
| 040 |
_aFEDL _beng _cFEDL |
||
| 041 |
_aeng _2eng |
||
| 084 |
_a370.973, UNI/O _qFEDL |
||
| 100 |
_aMaclean George Edwin _9767998 |
||
| 245 | 0 | _aStudies in higher educatin in Ireland and Wales | |
| 260 |
_aWashington, USA _bU.S. Government Printing Office _c1917 |
||
| 300 | _a118p. | ||
| 546 | _aBulletin, 1917, No. 15 | ||
| 942 |
_cHB _h370.973, UNI/O |
||
| 999 |
_c1362279 _d1362279 |
||